Výroba ruční lepenky /

Uložené v:
Podrobná bibliografia
Hlavní autori: Matoušek, Miloslav (Author), Škrabálek, Miloslav (Author)
Médium: Kniha
Jazyk:Czech
Vydané: Praha : Státní nakladatelství technické literatury, 1957.
Vydanie:1. vyd.
ISBN: (brož.)
Fyzický popis: 64 s. : ilustr.
Tagy: Pridať tag
Žiadne tagy, Buďte prvý kto otaguje tento záznam!

MARC

LEADER 00000nam a22000001 4500
001 000215913
005 20090921092947.0
008 981118s1957 xr e cze d
020 |a (brož.) 
040 |a SVKKK  |b slo  |c SVKKK  |e AACR2 
041 0 |a cze 
044 |a xr  |c CZ 
100 1 |a Matoušek, Miloslav  |4 aut 
245 1 0 |a Výroba ruční lepenky /  |c Miloslav Matoušek, Miloslav Škrabálek. 
246 3 0 |a Výroba papíru 
250 |a 1. vyd. 
260 |a Praha :  |b Státní nakladatelství technické literatury,  |c 1957. 
300 |a 64 s. :  |b ilustr. 
366 |e 1200 výt. 
700 1 |a Škrabálek, Miloslav  |4 aut 
910 |a svkkk 
998 |a BK 
090 |g SCKHL  |k Sklad Pribinova 2. posch.  |a II.79513  |j 144745  |i 215913-10  |s Prezenčne